[Event "Let's Play Chess!"]
[Site "http://www.queenalice.com/game.php?id=457351"]
[Date "2008.9.3"]
[Round "-"]
[White "CampbellMarcel"]
[Black "efimbog"]
[Result "0-1"]
[WhiteElo "1776"]
[BlackElo "1933"]

1. e4 e5 2. Nf3 d6 3. d4 exd4 4. Qxd4 c5 5. Bb5+ Bd7 6. Bxd7+ Nxd7 7. Qd5 Qa5+
8. Bd2 Qa6 9. Ng5 Nh6 10. Nc3 Nb6 11. Qd3 Qxd3 12. cxd3 Ng4 13. h3 Ne5 14. Nd5
Nxd5 15. exd5 h6 16. Ne4 Nxd3+ 17. Ke2 c4 18. b3 b5 19. bxc4 bxc4 20. Rhb1 f5
21. Ng3 g6 22. Rb7 Rg8 23. Nf1 Rg7 24. Rab1 Re7+ 25. Ne3 Ne5 26. Kf1 f4 27. Ng4
Nxg4 28. hxg4 g5 29. Re1 Rxe1+ 30. Kxe1 Rc8 31. Rxa7 c3 32. Bc1 Rc5 33. a4 Rxd5
34. Ra8+ Ke7 35. Ra7+ Ke6 36. Ke2 Be7 37. a5 Bd8 38. Rh7 Rxa5 39. Rxh6+ Kd5 40.
Rh1 Kc4 41. Rh8 Bb6 42. Rc8+ Bc5 43. Rg8 Ra1 44. Kd1 Ba3 45. Rxg5 Rxc1+ 46. Ke2
Rc2+ 47. Kf3 Bc5 48. Rxc5+ dxc5 49. g5 Kd3 50. g6 Ra2 51. g7 Ra8 0-1

[Event "Let's Play Chess!"]
[Site "http://www.queenalice.com/game.php?id=457362"]
[Date "2008.9.3"]
[Round "-"]
[White "efimbog"]
[Black "CampbellMarcel"]
[Result "1-0"]
[WhiteElo "1931"]
[BlackElo "1574"]

1. d4 f5 2. Nc3 Nf6 3. Bg5 e6 4. a3 h6 5. Bxf6 Qxf6 6. e4 g6 7. e5 Qd8 8. g3 c6
9. Nh3 d5 10. Nf4 Rg8 11. Be2 Qe7 12. h4 b6 13. h5 g5 14. Ng6 Qh7 15. g4 Rxg6
16. hxg6 Qxg6 17. gxf5 exf5 18. Bh5 Qxh5 19. Qxh5+ Ke7 20. Qg6 Be6 21. Qf6+ 1-0

[Event "Let's Play Chess!"]
[Site "http://www.queenalice.com/game.php?id=473008"]
[Date "2008.10.5"]
[Round "-"]
[White "efimbog"]
[Black "Barbudo"]
[Result "1-0"]
[WhiteElo "1960"]
[BlackElo "1689"]

1. d4 d5 2. c4 Nf6 3. cxd5 Qxd5 4. Nc3 Qf5 5. f3 e6 6. e4 Qa5 7. Bd2 Bb4 8. a3
Bxc3 9. Bxc3 Qg5 10. Bd2 Qg6 11. Nh3 O-O 12. Nf4 Qg5 13. Nxe6 Qg6 14. Nxf8 Kxf8
15. Bb4+ Kg8 16. Rc1 Ne8 17. Qd2 Nc6 18. Bb5 Bd7 19. d5 a5 20. Bxc6 Bxc6 21.
dxc6 axb4 22. cxb7 Rb8 23. axb4 Nd6 24. Rxc7 h6 25. Rc8+ Nxc8 26. Qd8+ Kh7 27.
bxc8=Q Rxc8 28. Qxc8 Qxg2 29. Rf1 Qxb2 30. Qf5+ Kg8 31. Qc8+ Kh7 32. Qb8 Qxh2
33. Qxh2 1-0

[Event "Let's Play Chess!"]
[Site "http://www.queenalice.com/game.php?id=478800"]
[Date "2008.10.18"]
[Round "-"]
[White "vininb"]
[Black "efimbog"]
[Result "0-1"]
[WhiteElo "1841"]
[BlackElo "1943"]

1. e4 e5 2. Nf3 Nc6 3. Bb5 d6 4. O-O Bd7 5. d3 h6 6. Nc3 a6 7. Ba4 b5 8. Bb3 Na5
9. Bd5 c6 10. Bb3 Nf6 11. a4 b4 0-1

[Event "Challenge"]
[Site "http://www.queenalice.com/game.php?id=478802"]
[Date "2008.10.17"]
[Round "-"]
[White "betoanjos"]
[Black "efimbog"]
[Result "0-1"]
[WhiteElo "1976"]
[BlackElo "1943"]

1. d4 Nf6 2. Nf3 d5 3. e3 a6 4. Nbd2 Nc6 5. Bd3 Bg4 6. c3 e6 7. e4 dxe4 8. Nxe4
Be7 9. Nxf6+ Bxf6 10. h3 Bh5 11. g4 Bg6 12. Bxg6 fxg6 13. Qe2 Qd5 14. Bf4 O-O
15. Ne5 Qxh1+ 16. Qf1 Qxf1+ 17. Kxf1 Bxe5 18. Bxe5 Nxe5 19. dxe5 Rf3 20. Kg2
Raf8 21. Rf1 h5 22. g5 h4 23. c4 R3f5 0-1

[Event "Challenge"]
[Site "http://www.queenalice.com/game.php?id=478803"]
[Date "2008.10.17"]
[Round "-"]
[White "efimbog"]
[Black "Rosberg"]
[Result "0-1"]
[WhiteElo "1955"]
[BlackElo "2043"]

1. d4 d5 2. c4 c6 3. c5 e5 4. e3 Qf6 5. h3 Nd7 6. Ne2 Nh6 7. Ng3 Be7 8. Nc3 O-O
9. Be2 b5 10. a3 Bb7 11. b4 a5 12. Bb2 axb4 13. axb4 Rxa1 14. Bxa1 e4 15. O-O
Ra8 16. f3 Qg6 17. Kh2 Bh4 18. Nh1 Nf5 19. Qd2 Bg3+ 20. Kg1 Nh4 21. Nxg3 Qxg3
22. Bxb5 Ne5 23. dxe5 Nxf3+ 24. Rxf3 exf3 25. Bb2 cxb5 26. Qf2 Qxf2+ 27. Kxf2
fxg2 28. Nd1 d4 29. exd4 Ra2 0-1

[Event "Challenge"]
[Site "http://www.queenalice.com/game.php?id=486752"]
[Date "2008.11.2"]
[Round "-"]
[White "STALKER"]
[Black "efimbog"]
[Result "0-1"]
[WhiteElo "1203"]
[BlackElo "1977"]

1. e4 Nc6 2. Nc3 e5 3. Nf3 a6 4. d3 Bb4 5. a3 Bxc3+ 6. bxc3 d6 7. d4 Bg4 8. h3
Bh5 9. dxe5 Nxe5 10. Bg5 f6 11. Bf4 Nxf3+ 12. gxf3 Ne7 13. Bc4 Ng6 14. Qb1 Nxf4
15. Qxb7 Bxf3 16. Bxa6 O-O 17. Bc4+ Kh8 18. Bd5 Nxd5 19. exd5 Bxh1 20. Ke2 Qe7+
21. Kd2 Qe4 22. Qb3 Rab8 23. Qa2 Rfe8 24. Rb1 Qe2+ 25. Kc1 Qe1# 0-1

[Event "Challenge"]
[Site "http://www.queenalice.com/game.php?id=486753"]
[Date "2008.11.2"]
[Round "-"]
[White "krewson1967"]
[Black "efimbog"]
[Result "1-0"]
[WhiteElo "2044"]
[BlackElo "1965"]

1. e4 Nc6 2. Nf3 e5 3. Bc4 Bc5 4. b4 Bxb4 5. Bb2 d6 6. O-O Nf6 7. a3 Bc5 8. d4
exd4 9. Nxd4 Nxd4 10. Bxd4 Bxd4 11. Qxd4 O-O 12. Nc3 Be6 13. Nd5 Nd7 14. Rad1
Ne5 15. Be2 a6 16. Rfe1 f5 17. f4 Nc6 18. Qe3 fxe4 19. Bc4 Kh8 20. Qxe4 Bf5 21.
Qe2 b5 22. Bd3 Nd4 23. Qe3 c5 24. c3 Nc2 25. Bxc2 Bxc2 26. Rd2 Bb3 27. Ne7 Re8
28. Rde2 Bc4 29. Ng6+ hxg6 30. Qxe8+ 1-0

[Event "Let's Play Chess!"]
[Site "http://www.queenalice.com/game.php?id=491252"]
[Date "2008.11.10"]
[Round "-"]
[White "Nille"]
[Black "efimbog"]
[Result "0-1"]
[WhiteElo "1875"]
[BlackElo "1952"]

1. e4 Nc6 2. Bc4 e5 3. Nf3 Bc5 4. d3 h6 5. Be3 Bxe3 6. fxe3 Nf6 7. d4 exd4 8. e5
Ne4 9. Nxd4 Qh4+ 10. g3 Nxg3 11. Bxf7+ Kxf7 12. Qf3+ Nf5+ 13. Ke2 Nxd4+ 14. exd4
d5 15. Nc3 Qxd4 16. Qxd5+ Qxd5 17. Nxd5 Re8 18. Nxc7 Rxe5+ 19. Kd2 Rb8 20. Rad1
Rc5 21. Rhf1 Rxc7 0-1

[Event "Let's Play Chess!"]
[Site "http://www.queenalice.com/game.php?id=491253"]
[Date "2008.11.10"]
[Round "-"]
[White "Nille"]
[Black "efimbog"]
[Result "0-1"]
[WhiteElo "1862"]
[BlackElo "1965"]

1. e4 e5 2. Nf3 Nc6 3. Bc4 Bc5 4. d3 h6 5. O-O d6 6. h3 Na5 7. a3 Nxc4 8. dxc4
a6 9. Nc3 Nf6 10. Re1 O-O 11. b4 Ba7 12. Bb2 Be6 13. Nd5 Nh7 14. b5 axb5 15.
cxb5 f5 16. c4 fxe4 17. Rxe4 Ng5 18. Nxg5 Qxg5 19. h4 Bxf2+ 20. Kh1 Bxh4 21.
Nxc7 Rf2 22. Qg1 Bg3 23. Qd1 Bf4 24. g4 Qh4+ 0-1

[Event "Xadrez 37"]
[Site "http://www.queenalice.com/game.php?id=495486"]
[Date "2008.11.19"]
[Round "-"]
[White "efimbog"]
[Black "filipe_pinheiro"]
[Result "0-1"]
[WhiteElo "2097"]
[BlackElo "2174"]

1. e4 c5 2. Nf3 e6 3. Bc4 a6 4. a4 d6 5. O-O Nf6 6. d3 Be7 7. Nc3 Nc6 8. h3 O-O
9. Nh2 d5 10. exd5 exd5 11. Ba2 Nb4 12. Ne2 Nxa2 13. Rxa2 d4 14. c3 dxc3 15.
bxc3 Qd5 16. c4 Qc6 17. Nf4 Bd6 18. Nh5 Nxh5 19. Qxh5 Bxh2+ 20. Kxh2 b6 21. f4
Bb7 22. f5 f6 23. Qg4 Rad8 24. Rf3 Qc7+ 25. Bf4 Bxf3 26. Bxc7 Bxg4 27. Bxd8 Rxd8
28. hxg4 Rxd3 29. Rb2 Rd6 30. Kh3 Kf7 31. Kh4 a5 32. Rb3 Ke7 33. g5 fxg5+ 34.
Kxg5 h6+ 35. Kh5 Kf6 36. Rg3 Kxf5 37. Rxg7 Ke4 38. g4 Kd3 39. Rg6 Rxg6 40. Kxg6
Kxc4 41. Kxh6 Kb4 42. g5 c4 43. g6 c3 0-1

[Event "Let's Play Chess!"]
[Site "http://www.queenalice.com/game.php?id=496064"]
[Date "2008.11.21"]
[Round "-"]
[White "efimbog"]
[Black "attachui"]
[Result "1-0"]
[WhiteElo "1965"]
[BlackElo "2017"]

1. e4 c5 2. Bc4 e6 3. Nc3 Nc6 4. Nf3 g6 5. a3 Bg7 6. O-O Nge7 7. Ne2 d5 8. exd5
exd5 9. Ba2 O-O 10. d3 Re8 11. c4 d4 12. Bd2 Bg4 13. Ng3 Ne5 14. Bf4 Nxf3+ 15.
gxf3 Bh3 16. Re1 Qb6 17. Qd2 Qc6 18. Ne4 f6 19. Bh6 f5 20. Bxg7 fxe4 21. Qh6
exf3 22. Bxd4 Nf5 23. Qxh3 Nxd4 24. b4 b6 25. Qg4 Rf8 26. Re4 Rae8 27. Rxd4 cxd4
28. c5+ Kg7 29. Qxd4+ Qf6 30. Qxf6+ Rxf6 31. d4 bxc5 32. dxc5 Rf4 33. Rc1 Rg4+
34. Kf1 Rge4 35. c6 R4e7 36. Bd5 Rf8 37. Rc3 Rf5 38. Bxf3 Rc7 39. Bg4 Rf6 40.
Bd7 Rd6 41. b5 Kf7 42. Re3 Rd5 43. Be6+ Ke7 44. Bxd5+ Kd6 45. Bb3 Kc5 46. a4 a6
47. Re5+ Kb6 48. Rd5 axb5 49. axb5 1-0

[Event "Challenge"]
[Site "http://www.queenalice.com/game.php?id=496066"]
[Date "2008.11.20"]
[Round "-"]
[White "zdzicho"]
[Black "efimbog"]
[Result "1-0"]
[WhiteElo "2163"]
[BlackElo "1965"]

1. d4 d5 2. Bf4 Bf5 3. e3 e6 4. Nf3 h6 5. Bd3 Bxd3 6. Qxd3 Nc6 7. c3 a6 8. O-O
Nf6 9. h3 Bd6 10. Nbd2 Bxf4 11. exf4 O-O 12. Ne5 Ne7 13. a4 Nh5 14. g3 f6 15.
Ng6 Nxg6 16. Qxg6 Qe8 17. Qxe8 Rfxe8 18. Rfe1 g5 19. fxg5 hxg5 20. Nf3 a5 21.
Re2 Kf7 22. Kg2 Ng7 23. g4 Re7 24. Rae1 Ne8 25. h4 gxh4 26. Nxh4 Nd6 27. f3 Rae8
28. Kg3 c6 29. Ng2 e5 30. dxe5 fxe5 31. b3 Kf6 32. Rh1 Rg7 33. Ne3 d4 34. Rd2 c5
35. cxd4 exd4 36. Nd5+ Kf7 37. Nf4 Re3 38. Rd3 Ne4+ 39. Kg2 Rxd3 40. Nxd3 Nd2
41. Nxc5 b6 42. Nd7 Nxb3 43. Nxb6 Ke6 44. Rb1 Nc5 45. Rb5 Rc7 46. Rxa5 d3 47.
Nc4 Nb3 48. Ra6+ Kd5 49. Ne3+ Kd4 50. Kf2 d2 51. Rd6+ Ke5 52. Rd3 Nc5 53. Rxd2
Nxa4 54. f4+ Ke4 55. g5 Nc5 56. Ng2 Ne6 57. Re2+ Kd5 58. Kg3 Rf7 59. Kg4 Nd4 60.
Re5+ Kd6 61. Ne3 Ne6 62. Nc4+ 1-0

[Event "Challenge"]
[Site "http://www.queenalice.com/game.php?id=500712"]
[Date "2008.11.30"]
[Round "-"]
[White "Josecarlos"]
[Black "efimbog"]
[Result "0-1"]
[WhiteElo "1878"]
[BlackElo "1995"]

1. c4 e5 2. e4 Nf6 3. Nc3 Bc5 4. h3 d6 5. Nf3 O-O 6. d4 exd4 7. Nxd4 Qe8 8. Qd3
Bb4 9. Bd2 Bxc3 10. Bxc3 Nxe4 11. Be2 Nxc3 12. Qxc3 c5 13. Nb5 Qc6 14. O-O a6
15. Na3 Bf5 16. Bf3 Be4 17. Bxe4 Qxe4 18. b3 Nc6 19. Rae1 Qg6 20. Nc2 Rae8 21.
Ne3 Nd4 22. Nd5 Ne2+ 23. Rxe2 Rxe2 24. Nf4 Qc2 25. Nxe2 Qxe2 26. Qg3 Qd2 27. a4
Re8 28. f4 h6 29. f5 Re3 30. Rf3 Qd1+ 31. Kh2 Rxf3 32. gxf3 Qxb3 33. f6 Qb2+ 34.
Kh1 Qxf6 35. h4 Qe5 36. Qg1 Qf4 37. Qg4 Qxg4 38. fxg4 b6 39. Kg2 f6 40. Kf3 Kf7
41. Ke4 Ke6 42. Kf4 d5 43. cxd5+ Kxd5 44. Ke3 c4 45. Kd2 b5 46. axb5 axb5 47.
Kc3 Kc5 48. h5 b4+ 49. Kc2 Kd4 50. Kb2 Kd3 51. Kc1 c3 52. Kd1 b3 53. Kc1 b2+ 54.
Kb1 Kd2 0-1

[Event "Challenge"]
[Site "http://www.queenalice.com/game.php?id=500713"]
[Date "2008.11.30"]
[Round "-"]
[White "efimbog"]
[Black "Josecarlos"]
[Result "1-0"]
[WhiteElo "1983"]
[BlackElo "1890"]

1. d4 d5 2. c4 b6 3. cxd5 Nf6 4. h3 Qxd5 5. Nc3 Qf5 6. g4 Qd7 7. Bg2 c6 8. Nf3
e6 9. Ne5 Qc7 10. Nb5 Qb7 11. O-O Nd5 12. Nc3 Nxc3 13. bxc3 Bd6 14. Nc4 Qc7 15.
e4 Bb7 16. Nxd6+ Qxd6 17. e5 Qc7 18. Ba3 Nd7 19. Bd6 Qc8 20. c4 Ba6 21. Rc1 Bb7
22. f4 Qd8 23. Qa4 Rc8 24. f5 a6 25. fxe6 fxe6 26. Qb3 Nf8 27. Qf3 Ng6 28. Qf7#
1-0

[Event "World's Challenge #01"]
[Site "http://www.queenalice.com/game.php?id=513588"]
[Date "2008.12.29"]
[Round "-"]
[White "Aylton"]
[Black "efimbog"]
[Result "0-1"]
[WhiteElo "2033"]
[BlackElo "2041"]

1. d4 d5 2. Nf3 Nf6 3. e3 Bg4 4. c4 dxc4 5. Bxc4 e6 6. Nc3 c6 7. a3 h6 8. h3 Bh5
9. O-O Be7 10. b4 O-O 11. Bb2 Nh7 12. Be2 Nd7 13. Rc1 f5 14. Qd2 Nhf6 15. Rfd1
Nd5 16. Nxd5 exd5 17. Nh2 Qe8 18. g4 fxg4 19. hxg4 Bg6 20. f3 Rf6 21. Rf1 Bd6
22. Rf2 Nb6 23. a4 Nxa4 24. Ba1 Re6 25. Nf1 a6 26. f4 Be4 27. Qd1 b5 28. Qb3 a5
29. bxa5 Rxa5 30. Bd1 Bc7 31. Qb4 Ra8 32. Ra2 Nb6 33. Rxa8 Qxa8 34. Bc3 Qd8 35.
Be1 Nc4 36. Bf2 Bd6 37. Qe1 Ba3 38. Ra1 b4 39. Ng3 Bb2 40. Ra2 Bc3 41. Qe2 Bb1
42. f5 Bxa2 43. fxe6 Bb1 44. Qf3 Qe7 45. e4 Qxe6 46. e5 Nd2 47. Qe2 b3 48. Be1
Bxd4+ 49. Kh2 Ne4 50. Nxe4 Bxe4 51. Bxb3 Bxe5+ 52. Kg1 Bd4+ 53. Kh2 c5 54. Bd1
c4 55. Bb4 Be5+ 56. Kh3 Bd3 57. Qf3 Qf7 58. Qg2 Bf1 0-1

[Event "World's Challenge #04"]
[Site "http://www.queenalice.com/game.php?id=513591"]
[Date "2008.12.29"]
[Round "-"]
[White "efimbog"]
[Black "Aylton"]
[Result "1-0"]
[WhiteElo "2006"]
[BlackElo "2001"]

1. e4 e5 2. Nf3 Nc6 3. Bc4 Bc5 4. O-O Nf6 5. d3 O-O 6. Bg5 d6 7. h3 h6 8. Be3
Bxe3 9. fxe3 a6 10. a3 b5 11. Ba2 Bb7 12. c3 d5 13. exd5 Ne7 14. e4 Ng6 15. Qe1
Re8 16. Nbd2 c6 17. dxc6 Bxc6 18. Qe3 Bb7 19. Nh2 Qd7 20. Nb3 Rad8 21. Nc5 Qc6
22. Nxb7 Qxb7 23. Rxf6 gxf6 24. Qxh6 Nh8 25. Ng4 Rd6 26. Nxf6+ Rxf6 27. Qxf6 1-0